Statistics for AFL All Australian Team 2016

Click here to take the quiz!

General Stats

  • This quiz has been taken 88 times
  • The average score is 18 of 22

Answer Stats

Position Team Answer % Correct
Ruck RoverCatsPatrick Dangerfield
98%
Half ForwardSwansLance Franklin
97%
ForwardEaglesJosh Kennedy
95%
MidfieldSwansJosh Kennedy
95%
Ruck RoverCatsJoel Selwood
95%
ForwardCrowsEddie Betts
93%
RuckDemonsMax Gawn
93%
BackTigersAlex Rance
92%
MidfieldCrowsRory Sloane
92%
ForwardSunsTom Lynch
89%
I/CTigersDustin Martin
87%
BackSwansDane Rampe
84%
I/CDogsMarcus Bontempelli
80%
BackEaglesJeremy McGovern
79%
Half BackGiantsHeath Shaw
79%
Half ForwardGiantsToby Greene
79%
MidfieldSwansDan Hannebery
77%
Half ForwardHawksCyril Rioli
75%
I/CSwansLuke Parker
75%
Half BackCrowsDaniel Talia
70%
Half BackCatsCorey Enright
52%
I/CDogsMathew Boyd
51%

Score Distribution

Percentile by Number Answered

Percent of People with Each Score

Your Score History

You have not taken this quiz